000 00593nam a2200181Ia 4500
008 100920s9999 xx 000 0 und d
082 _b104136
_a891.43 न 08
100 _aशेष शंकर.
245 _aखजुराहो का शिल्पी.
260 _bअपराजिता इलाहबाद.
_c2008
300 _a96
_bसाधी
365 _b130
520 _aहिंदी.
630 _aखजुराहो का शिल्पी.
650 _aहिंदी.
730 _aखजुराहो का शिल्पी.
942 _cBOOK
999 _c744568
_d744565